Celebrity Quiz #1 - Statistics

General Stats
  • This quiz has been taken 66 times
  • The average score is 14 of 20
Answer Stats
Picture Answer % Correct
Christiano Ronaldo
98%
Taylor Swift
92%
Elton John
86%
Mr.Beast
86%
Usain Bolt
86%
Tupac Shakur
78%
Vin Diesel
78%
Lebron James
75%
Travis Scott
75%
Tiger Woods
70%
Kendall Jenner
65%
Usher
63%
Demi Lovato
60%
SZA
59%
Khloe Kardashian
54%
Lorde
52%
Sam Smith
52%
Heidi Klum
51%
Kai Cenat
44%
Future
32%
No matching quizzes found
Score Distribution
Percent of People with Each Score
Percentile by Number Answered
Your Score History
You have not taken this quiz